000 00590nam a22002297a 4500
003 UA-OsUOA
001 96528
007 ta
008 20130319b un ||||| |||| 00| 0 ukr d
100 _aЛуйк В.
090 _a821.17
_bЛ83
942 _cBK
040 _aUA-OsUOA
_bukr
_cUA-OsUOA
_dUA-OsUOA
245 _aСьома весна без війни
_bроман
300 _a230 с.
955 _a3
041 _aukr
080 _a821.17
260 _aК.
_bДніпро
_c1989
650 7 _a82 Література. Літературознавство
_2UDC
999 _c382782
_d382782